[Event "Solingen-ch 2022"]
[Site "Solingen"]
[Date "2022.09.16"]
[Round "2.15"]
[White "Pernizki, Max"]
[Black "Gülcan, Batuhan Ege"]
[Result "0-1"]
[WhiteElo "1301"]
[BlackElo "1532"]
[PlyCount "122"]
[EventDate "2022.??.??"]
[WhiteTeam "SG Solingen e. V"]
[BlackTeam "SG Solingen e. V."]

1. d4 d5 2. c4 e6 3. Nc3 Nc6 4. e3 Nf6 5. Bd3 Nb4 6. Qa4+ Bd7 7. Qd1 Nxd3+ 8.
Qxd3 c6 9. Nf3 Bd6 10. O-O Qc7 11. e4 dxe4 12. Nxe4 Nxe4 13. Qxe4 c5 14. d5
O-O-O 15. a3 exd5 16. cxd5 Rde8 17. Qc4 a6 18. Qc3 Bg4 19. h3 Bh5 20. Bd2 f6
21. b4 cxb4 22. Qxc7+ Kxc7 23. Nd4 Bf7 24. Nf5 Bxd5 25. Nxd6 Kxd6 26. Bxb4+ Ke6
27. Rac1 Bc6 28. Rfd1 Kf7 29. Rb1 Re5 30. Rd4 Rhe8 31. f3 Rg5 32. Kf2 Bb5 33.
Rd2 h5 34. Rc1 Bc6 35. Rc4 Rge5 36. Rcd4 Bb5 37. Kg3 g5 38. Rd8 Rxd8 39. Rxd8
Re2 40. Rb8 Bc6 41. Rf8+ Kg7 42. Rd8 h4+ 43. Kh2 Bxf3 44. Rd7+ Kg6 45. Rd2 Rxd2
46. Bxd2 Bd5 47. Ba5 f5 48. g4 hxg3+ 49. Kxg3 Kh5 50. Bc7 f4+ 51. Bxf4 gxf4+
52. Kxf4 Kh4 53. a4 Kxh3 54. a5 Bc6 55. Ke3 Kg4 56. Kd4 Kf5 57. Kc5 Ke4 58. Kc4
Bb5+ 59. Kc5 Kd3 60. Kb6 Bc6 61. Kc5 Kc3 0-1

[Event "Solingen-ch 2022"]
[Site "Solingen"]
[Date "2022.09.30"]
[Round "3.1"]
[White "Kniest, Oliver"]
[Black "Waagener, Ulrich"]
[Result "1-0"]
[WhiteElo "2273"]
[BlackElo "2115"]
[PlyCount "103"]
[EventDate "2022.??.??"]
[WhiteTeam "SG Solingen e. V"]
[BlackTeam "SG Solingen e. V"]

1. c4 b6 2. e4 Bb7 3. Nc3 c5 4. Nf3 Nc6 5. d4 cxd4 6. Nxd4 e6 7. Be3 Be7 8. Be2
Nf6 9. f3 Nxd4 10. Bxd4 O-O 11. O-O d6 12. Bd3 Nd7 13. Qe2 Bf6 14. Bxf6 Qxf6
15. Rad1 Rfd8 16. Bb1 Qe5 17. Kh1 Nf8 18. Rd2 Rac8 19. Rfd1 Ba6 20. Bd3 Ng6 21.
g3 Qc5 22. b3 Qe5 23. Na4 Bb7 24. f4 Qa5 25. Kg1 Bc6 26. Nb2 Nf8 27. Bb1 Ba8
28. Qf2 Qb4 29. Nd3 Qc3 30. Ne1 Qb4 31. Nc2 Qc3 32. Nd4 a6 33. Rd3 Qb4 34. R3d2
Qc3 35. Ne2 Qb4 36. Nc1 Qa3 37. Qxb6 d5 38. exd5 exd5 39. Bf5 Rb8 40. Qd4 dxc4
41. Qxc4 Rxd2 42. Rxd2 Qe7 43. Re2 Qa7+ 44. Kf1 Rd8 45. Nd3 Rd4 46. Qc5 Qxc5
47. Nxc5 Bc6 48. Bd3 a5 49. Bc4 a4 50. Re7 Ng6 51. Rc7 Rd6 52. Bxf7+ 1-0

[Event "Solingen-ch 2022"]
[Site "Solingen"]
[Date "2022.09.30"]
[Round "3.2"]
[White "Steinbach, Wolfgang"]
[Black "Zolfagharian, Kevin"]
[Result "0-1"]
[WhiteElo "1922"]
[BlackElo "2229"]
[PlyCount "68"]
[EventDate "2022.??.??"]
[WhiteTeam "SG Solingen e. V"]
[BlackTeam "SG Solingen e. V"]

1. Nf3 d5 2. g3 c6 3. Bg2 Bg4 4. O-O Nd7 5. d4 e6 6. h3 Bxf3 7. Bxf3 f5 8. Bg2
Bd6 9. e3 Qf6 10. c4 Ne7 11. cxd5 exd5 12. Nc3 g5 13. e4 fxe4 14. Qh5+ Qg6 15.
Qxg6+ hxg6 16. Bxg5 Nf5 17. Ne2 Nf8 18. g4 Nh4 19. f3 exf3 20. Bxf3 Ne6 21. Bf6
Rh7 22. Bh1 g5 23. Rae1 Kd7 24. Nc1 Nf4 25. Be5 Nxh3+ 26. Kh2 Ng6 27. Bxd6
Nhf4+ 28. Kg1 Kxd6 29. Bf3 Rah8 30. Ne2 Rh3 31. Bg2 Rd3 32. Rf2 Nxe2+ 33. Rfxe2
Nf4 34. Re5 Rg3 0-1

[Event "Solingen-ch 2022"]
[Site "Solingen"]
[Date "2022.09.30"]
[Round "3.4"]
[White "Fichtner, Ewald"]
[Black "Shivkumar, Siddharth"]
[Result "1-0"]
[WhiteElo "2030"]
[BlackElo "1451"]
[PlyCount "65"]
[EventDate "2022.??.??"]
[WhiteTeam "SG Solingen e. V"]
[BlackTeam "SG Solingen e. V"]

1. d4 Nf6 2. Bf4 d5 3. e3 Bf5 4. c4 e6 5. Qb3
b6 6. Nc3 c5 7. Nf3 dxc4 8. Bxc4 a6 9. Rd1 Nbd7 10. a4 Nh5 11. d5 Nxf4 12. exf4
Qf6 13. O-O Be7 14. Rfe1 e5 15. fxe5 Qg6 16. Rd2 Bh3 17. Bf1 Bg4 18. Rd3 Bh3
19. Rde3 c4 20. Qxc4 Bc5 21. Nh4 b5 22. Nxg6 bxc4 23. Nxh8 Bxe3 24. Rxe3 Bf5
25. Nxf7 Kxf7 26. e6+ Ke7 27. exd7+ Kxd7 28. Bxc4 Rb8 29. Bxa6 Rxb2 30. Bb5+
Kd6 31. h3 Rb4 32. g4 Bc8 33. Re8 1-0

[Event "Solingen-ch 2022"]
[Site "Solingen"]
[Date "2022.09.30"]
[Round "3.5"]
[White "Vranidis, Athanassios"]
[Black "Kushchan, Eduard"]
[Result "0-1"]
[WhiteElo "1904"]
[BlackElo "2015"]
[PlyCount "82"]
[EventDate "2022.??.??"]
[WhiteTeam "SG Solingen e. V"]
[BlackTeam "SG Solingen e. V"]

1. d4 Nf6 2. c4 e6 3. Nc3 d5 4. Nf3 c6 5. e3 Nbd7 6. Qc2 Be7 7. Bd3 dxc4 8.
Bxc4 b5 9. Bd3 Bb7 10. O-O a6 11. e4 c5 12. e5 Nd5 13. Nxd5 Bxd5 14. dxc5 Nxc5
15. Be2 Rc8 16. Qd1 O-O 17. Be3 Qc7 18. Qd4 Qb7 19. Qg4 Be4 20. Bh6 Bg6 21. Bg5
Bxg5 22. Nxg5 h6 23. Nf3 Rfd8 24. Rfd1 Qc7 25. Rac1 Rxd1+ 26. Rxd1 Ne4 27. Bd3
Rd8 28. Nh4 Nxf2 29. Kxf2 Bxd3 30. Qf4 Bc4 31. Rxd8+ Qxd8 32. b3 Bd5 33. Nf3
Qc7 34. Kg3 Qc2 35. Qd2 Qf5 36. Qe2 g5 37. h3 Qf4+ 38. Kf2 Bxf3 39. Qxf3 Qxf3+
40. Kxf3 f6 41. g4 f5 0-1

[Event "Solingen-ch 2022"]
[Site "Solingen"]
[Date "2022.09.30"]
[Round "3.6"]
[White "Ipekyilmaz, Tayfun"]
[Black "Mänken, Merlin"]
[Result "0-1"]
[WhiteElo "1739"]
[BlackElo "1669"]
[PlyCount "138"]
[EventDate "2022.??.??"]
[WhiteTeam "Langenfelder SF 1933"]
[BlackTeam "Elberfelder SG"]

1. e4 c5 2. b3 Nc6 3. Bb2 e5 4. Nf3 d6 5. Nc3 Bg4 6. Be2 Nf6 7. O-O Be7 8. h3
Bh5 9. Ne1 Bxe2 10. Qxe2 Nd4 11. Qc4 Qd7 12. a4 g5 13. f3 h5 14. Ne2 Ne6 15.
Qb5 Nf4 16. Qxd7+ Kxd7 17. Nxf4 gxf4 18. c4 Rag8 19. Rf2 Nh7 20. Nd3 Bh4 21.
Re2 f6 22. Kh1 a5 23. Nc1 Rg3 24. Bc3 b6 25. d3 Rg5 26. Na2 Nf8 27. Be1 {(=)}
Bxe1 28. Raxe1 Ne6 29. Nc3 Nc7 30. Nd5 Nxd5 31. exd5 Rhg8 32. Rg1 f5 33. Kh2 h4
34. Kh1 Re8 35. Rge1 Rg3 36. Kh2 Rg7 37. Kh1 Rge7 38. Kg1 Rg8 39. Kh1 Ke8 40.
Kh2 Kf7 41. Kg1 Kf6 42. Kh1 Rge8 43. Kg1 e4 44. dxe4 fxe4 45. fxe4 Ke5 46. Rf2
Rg7 47. Kh1 Rg3 48. Rf3 Reg8 49. Re2 Rxf3 50. gxf3 Rg3 51. Rf2 Rxh3+ 52. Kg2
Rg3+ 53. Kh2 h3 54. Kh1 Kd4 55. Kh2 Ke3 56. Rc2 Kxf3 57. Rc3+ Kxe4 58. Rxg3
fxg3+ 59. Kxg3 Kd3 60. Kxh3 Kc3 61. Kg4 Kxb3 62. Kf5 Kxc4 63. Ke6 b5 64. axb5
Kxb5 65. Kxd6 c4 66. Ke7 c3 67. d6 c2 68. d7 c1=Q 69. d8=Q Qg5+ 0-1

[Event "Solingen-ch 2022"]
[Site "Solingen"]
[Date "2022.09.30"]
[Round "3.7"]
[White "Matzner, Julian"]
[Black "Speck, Stefan"]
[Result "1/2-1/2"]
[WhiteElo "1544"]
[BlackElo "1889"]
[PlyCount "77"]
[EventDate "2022.??.??"]
[WhiteTeam "SK Köln-Worringen"]
[BlackTeam "SG Solingen e. V"]

1. c4 e5 2. Nc3 Nc6 3. g3 Nf6 4. Bg2 Bc5 5. d3 h6 6. Nf3 d6 7. a3 a6 8. O-O O-O
9. b4 Ba7 10. Nd2 Be6 11. Nde4 Nh7 12. b5 axb5 13. Nxb5 Bb6 14. Kh1 Ng5 15. f4
Nxe4 16. Bxe4 Bh3 17. Bg2 Qd7 18. e4 Bxg2+ 19. Kxg2 f5 20. Qe2 fxe4 21. Qxe4
Rae8 22. f5 Nd4 23. Nxd4 Bxd4 24. Rb1 c6 25. f6 d5 26. Qg6 Re6 27. Qg4 Rd6 28.
Qxg7+ Qxg7 29. fxg7 Rxf1 30. Kxf1 Kxg7 31. Rxb7+ Kg6 32. Bd2 dxc4 33. dxc4 Rf6+
34. Ke2 Rf2+ 35. Kd3 Rxh2 36. a4 Rg2 37. Be1 Kf5 38. a5 Ra2 39. Rh7 1/2-1/2

[Event "Solingen-ch 2022"]
[Site "Solingen"]
[Date "2022.09.30"]
[Round "3.8"]
[White "Helfer, Bernd"]
[Black "Scheidtmann, Kian"]
[Result "0-1"]
[WhiteElo "1880"]
[BlackElo "1534"]
[PlyCount "56"]
[EventDate "2022.??.??"]
[WhiteTeam "SC Erkrath 1973"]
[BlackTeam "SG Solingen e. V"]

1. Nf3 Nf6 2. d4 e6 3. Bg5 h6 4. Bh4 Be7 5. Nbd2 d6 6. c3 b6 7. e3 O-O 8. Bd3
Ba6 9. Qe2 Bxd3 10. Qxd3 Nbd7 11. O-O c5 12. h3 Re8 13. Bg3 cxd4 14. cxd4 Nd5
15. a3 Rc8 16. Rac1 f5 17. Nb1 N7f6 18. Nfd2 Qd7 19. f3 Nh5 20. Bf2 Bg5 21. g3
f4 22. gxf4 Nhxf4 23. exf4 Nxf4 24. Qe4 Nxh3+ 25. Kg2 Rxc1 26. Rxc1 Nf4+ 27.
Kg1 e5 28. Qc6 Qh3 0-1

[Event "Solingen-ch 2022"]
[Site "Solingen"]
[Date "2022.09.30"]
[Round "3.10"]
[White "Gülcan, Batuhan Ege"]
[Black "Fränzel, Dr. Marius"]
[Result "0-1"]
[WhiteElo "1532"]
[BlackElo "1758"]
[PlyCount "60"]
[EventDate "2022.??.??"]
[WhiteTeam "SG Solingen e. V."]
[BlackTeam "SG Solingen e. V."]

1. d4 d5 2. c4 c6 3. Nc3 Nf6 4. Nf3 dxc4 5. Bf4 Bf5 6. e3 b5 7. a3 Nbd7 8. b3
cxb3 9. Qxb3 e6 10. Be5 Be7 11. Rc1 Rc8 12. Na2 Qa5+ 13. Nc3 Qxa3 14. Qxa3 Bxa3
15. Rd1 Bb4 16. Bd3 Bxc3+ 17. Ke2 Bxd3+ 18. Rxd3 Nxe5 19. Nxe5 b4 20. Nc4 Ke7
21. Ne5 Nd5 22. g3 Nb6 23. f4 a5 24. Kf3 h5 25. Ke2 Rhd8 26. Rg1 c5 27. dxc5
Rxc5 28. Rxd8 Kxd8 29. Rd1+ Ke7 30. e4 Bxe5 0-1

[Event "Solingen-ch 2022"]
[Site "Solingen"]
[Date "2022.09.30"]
[Round "3.11"]
[White "Dhanasekaran Meenambigai, Diya"]
[Black "Hirsch, Dominik"]
[Result "0-1"]
[WhiteElo "1316"]
[BlackElo "1639"]
[PlyCount "98"]
[EventDate "2022.??.??"]
[WhiteTeam "SG Solingen e. V"]
[BlackTeam "Elberfelder SG"]

1. e4 b6 2. d4 Bb7 3. Nc3 g6 4. Nf3 Bg7 5. Bc4 e6 6. O-O d6 7. Bf4 Ne7 8. Re1
Nd7 9. Qd2 h6 10. Rad1 a6 11. d5 e5 12. Bg3 f5 13. h3 f4 14. Bh2 O-O 15. Qe2 g5
16. g3 Ng6 17. Kg2 Rf7 18. Rf1 Qe7 19. Rd3 Raf8 20. a4 h5 21. g4 hxg4 22. hxg4
Nc5 23. Rdd1 Bc8 24. Rg1 Bxg4 25. Kf1 Qd7 26. Ke1 Nh4 27. Qd2 Nxf3+ 28. Kf1
Nxd2+ 29. Rxd2 Bh3+ 30. Ke1 Nxa4 31. b3 Nxc3 32. Rd3 Nxe4 33. f3 Nc5 34. Rd2 e4
35. fxe4 Bc3 36. Ke2 Bxd2 37. Kxd2 Nxe4+ 38. Ke2 f3+ 39. Kd3 f2 40. Rd1 Nc5+
41. Ke2 Bg4+ 42. Kd2 Bxd1 43. Kxd1 Qg4+ 44. Kd2 Qxc4 45. bxc4 f1=Q 46. Kc3 Rf3+
47. Kb2 Qxc4 48. Bg1 Qb4+ 49. Kc1 Rf1# 0-1

[Event "Solingen-ch 2022"]
[Site "Solingen"]
[Date "2022.09.30"]
[Round "3.13"]
[White "Falk, Thomas"]
[Black "Schubert, Stefan"]
[Result "1/2-1/2"]
[WhiteElo "1528"]
[BlackElo "1522"]
[PlyCount "33"]
[EventDate "2022.??.??"]
[WhiteTeam "Elberfelder SG"]
[BlackTeam "SG Solingen e. V"]

1. d4 d5 2. Bf4 Nf6 3. e3 g6 4. Nf3 Bg7 5. h3 O-O 6. Be2 Bf5 7. O-O Nbd7 8. c4
c6 9. Nc3 Re8 10. Re1 Ne4 11. cxd5 Nxc3 12. bxc3 cxd5 13. Bd3 Bxd3 14. Qxd3 e5
15. dxe5 Nxe5 16. Nxe5 Bxe5 17. Bxe5 1/2-1/2

[Event "Solingen-ch 2022"]
[Site "Solingen"]
[Date "2022.09.30"]
[Round "3.15"]
[White "Fetahovic, Sarah"]
[Black "Becker, Carsten"]
[Result "0-1"]
[WhiteElo "1294"]
[BlackElo "1873"]
[PlyCount "80"]
[EventDate "2022.??.??"]
[WhiteTeam "SG Solingen e. V"]
[BlackTeam "SG Solingen e. V"]

1. e4 c6 2. d4 d5 3. exd5 cxd5 4. Nf3 Nf6 5. Nc3 Nc6 6. Bb5 Bg4 7. h3 Bxf3 8.
Qxf3 e6 9. a3 Be7 10. O-O O-O 11. Rd1 Qb6 12. Bxc6 Qxc6 13. Bg5 Rac8 14. Rd3 b5
15. Qg3 Ne4 16. Nxe4 dxe4 17. Rc3 Qd7 18. Rxc8 Rxc8 19. Bxe7 Qxe7 20. c3 a5 21.
Qe5 Qb7 22. Re1 b4 23. Qxa5 bxc3 24. bxc3 Qb2 25. Re3 f5 26. Qa6 Re8 27. Qc6
Kf7 28. a4 g5 29. d5 Qb1+ 30. Kh2 f4 31. dxe6+ Rxe6 32. Qd7+ Kf6 33. Qd4+ Kf7
34. Re2 f3 35. gxf3 Qb8+ 36. Kg2 exf3+ 37. Kxf3 Qb7+ 38. Re4 Rf6+ 39. Ke3 Qb2
40. Qd2 Rf3+ 0-1

[Event "Solingen-ch 2022"]
[Site "Solingen"]
[Date "2022.09.30"]
[Round "3.16"]
[White "Bauer, Matthias"]
[Black "Fodor, Bernhard"]
[Result "1-0"]
[WhiteElo "1623"]
[BlackElo "1327"]
[PlyCount "101"]
[EventDate "2022.??.??"]
[WhiteTeam "SV Günnigfeld 1922 e."]
[BlackTeam "SG Solingen e. V"]

1. e4 d5 2. exd5 Qxd5 3. Nc3 Qd8 4. d4 e6 5. Nf3 Bb4 6. Bc4 Ne7 7. O-O c6 8.
Ne2 Nd5 9. c3 Bd6 10. Re1 Nd7 11. Ng3 Bxg3 12. hxg3 Rg8 13. Ng5 N7f6 14. Qf3
Rf8 15. Bd3 g6 16. Ne4 Nxe4 17. Rxe4 Qf6 18. Rh4 Qxf3 19. gxf3 h5 20. Kg2 Bd7
21. Bh6 Rg8 22. Bd2 O-O-O 23. Bc4 Nb6 24. Bb3 Be8 25. Bg5 Rd5 26. Bxd5 cxd5 27.
b3 Nd7 28. Be7 f6 29. Rah1 Rg7 30. Bd6 b6 31. Re1 Bf7 32. f4 g5 33. fxg5 fxg5
34. Rhh1 Kb7 35. Be5 Rh7 36. f4 g4 37. Bd6 Bg6 38. Rh2 Be4+ 39. Kf2 Kc6 40. Ba3
Nf6 41. Ke3 Bf5 42. Bb2 b5 43. Kf2 a5 44. Rc1 Bd3 45. Ke3 Be4 46. c4 Rb7 47.
cxd5+ Kd6 48. dxe6 Re7 49. d5 Nxd5+ 50. Kxe4 Rxe6+ 51. Be5+ 1-0

[Event "Solingen-ch 2022"]
[Site "Solingen"]
[Date "2022.10.14"]
[Round "4.1"]
[White "Zolfagharian, Kevin"]
[Black "Boschek, Dr. Hajo"]
[Result "1-0"]
[WhiteElo "2229"]
[BlackElo "1920"]
[PlyCount "93"]
[EventDate "2022.??.??"]
[WhiteTeam "SG Solingen e. V"]
[BlackTeam "SG Solingen e. V"]

1. e4 e5 2. Nf3 Nf6 3. Nxe5 d6 4. Nf3 Nxe4 5. Nc3 Nxc3 6. dxc3 Be7 7. Bf4 Nc6
8. Qd2 Be6 9. O-O-O Qd7 10. Kb1 a6 11. Ng5 Bxg5 12. Bxg5 f6 13. Bh4 O-O-O 14.
f4 Rde8 15. Re1 Bf7 16. Bd3 Re6 17. b3 Bg6 18. Bc4 Rxe1+ 19. Rxe1 Re8 20. Bd5
Rxe1+ 21. Qxe1 Bf7 22. Bf3 Be6 23. h3 Qf7 24. Qe2 Bd7 25. Bf2 Qe6 26. Qd3 g6
27. g4 f5 28. g5 Ne7 29. Qd4 Bc6 30. Bxc6 bxc6 31. Qh8+ Kb7 32. Qd4 Kc8 33. Qa7
Qe2 34. Bd4 c5 35. Bf6 Nc6 36. Qa8+ Kd7 37. Qg8 Qf1+ 38. Kb2 Qxf4 39. Qxh7+ Kc8
40. Qxg6 Ne5 41. Bxe5 Qxe5 42. Qf7 d5 43. g6 d4 44. g7 dxc3+ 45. Ka3 c4 46.
g8=Q+ Kb7 47. Qd5+ 1-0

[Event "Solingen-ch 2022"]
[Site "Solingen"]
[Date "2022.10.14"]
[Round "4.2"]
[White "Mänken, Merlin"]
[Black "Kniest, Oliver"]
[Result "1/2-1/2"]
[WhiteElo "1669"]
[BlackElo "2273"]
[PlyCount "79"]
[EventDate "2022.??.??"]
[WhiteTeam "Elberfelder SG"]
[BlackTeam "SG Solingen e. V"]

1. d4 e6 2. c4 b6 3. Nf3 Nf6 4. g3 Ba6 5. Qc2 Bb7 6. Bg2 Bb4+ 7. Bd2 Be7 8. O-O
O-O 9. Nc3 d5 10. cxd5 exd5 11. Ne5 Na6 12. Rad1 Qc8 13. Rfe1 Rd8 14. Na4 Qe6
15. Nd3 Bd6 16. b4 c6 17. a3 Nc7 18. Nc3 Nb5 19. Nxb5 {(=)} cxb5 20. Bf4 Bf8
21. Be5 Rac8 22. Qb2 Ne8 23. Nf4 Qe7 24. Nd3 f6 25. Bf4 g5 26. Bd2 Nd6 27. h4
gxh4 28. gxh4 Nf5 29. Nf4 Nxh4 30. Bh3 Rc4 31. Kh1 Bc8 32. Rg1+ Kf7 33. Qb3
Qe4+ 34. f3 Qxd4 35. Be3 Rc3 36. Qb1 Qxe3 37. Qxh7+ Ke8 38. Qh5+ Ke7 39. Qh7+
Ke8 40. Qh5+ 1/2-1/2

[Event "Solingen-ch 2022"]
[Site "Solingen"]
[Date "2022.10.14"]
[Round "4.3"]
[White "Kushchan, Eduard"]
[Black "Fichtner, Ewald"]
[Result "1/2-1/2"]
[WhiteElo "2015"]
[BlackElo "2030"]
[PlyCount "39"]
[EventDate "2022.??.??"]
[WhiteTeam "SG Solingen e. V"]
[BlackTeam "SG Solingen e. V"]

1. d4 c6 2. g3 d5 3. Bg2 Bf5 4. Nd2 Nf6 5. Ngf3 e6 6. Nh4 Bg4 7. h3 Bh5 8. g4
Nfd7 9. Nhf3 Bg6 10. c4 Be7 11. cxd5 cxd5 12. Nf1 Nc6 13. a3 a5 14. Ng3 Bd6 15.
O-O Qc7 16. Nh4 O-O 17. e4 Bxg3 18. fxg3 Qxg3 19. Nf5 exf5 20. exf5 1/2-1/2

[Event "Solingen-ch 2022"]
[Site "Solingen"]
[Date "2022.10.14"]
[Round "4.4"]
[White "Görke, Joachim"]
[Black "Meckel, Helmut"]
[Result "1/2-1/2"]
[WhiteElo "2134"]
[BlackElo "1837"]
[PlyCount "70"]
[EventDate "2022.??.??"]
[WhiteTeam "SG Solingen e. V"]
[BlackTeam "SG Solingen e. V"]

1. c4 f5 2. d4 e6 3. Nc3 Nf6 4. g3 Be7 5. Bg2 d6 6. Nf3 O-O 7. O-O Qe8 8. e3
Nc6 9. d5 exd5 10. Nxd5 Nxd5 11. cxd5 Ne5 12. Nd4 Rf6 13. Bd2 Qg6 14. Rc1 Bd8
15. Bc3 Qh6 16. Qe2 Rf7 17. Ne6 Bf6 18. Bxe5 Bxe5 19. Nxc7 Rb8 20. f4 Bf6 21.
Nb5 Bd8 22. Nxa7 Bd7 23. Nb5 Bb6 24. Nd4 Re7 25. Qd3 Rbe8 26. Rce1 Qf6 27. Ne6
Kh8 28. Qc3 Qxc3 29. bxc3 Bxe6 30. dxe6 Rxe6 31. Rb1 Bxe3+ 32. Kh1 b6 33. Bd5
R6e7 34. Rfd1 Bc5 35. Rd2 Re1+ 1/2-1/2

[Event "Solingen-ch 2022"]
[Site "Solingen"]
[Date "2022.10.14"]
[Round "4.6"]
[White "Fränzel, Dr. Marius"]
[Black "Steinbach, Wolfgang"]
[Result "0-1"]
[WhiteElo "1758"]
[BlackElo "1922"]
[PlyCount "80"]
[EventDate "2022.??.??"]
[WhiteTeam "SG Solingen e. V."]
[BlackTeam "SG Solingen e. V"]

1. e4 c5 2. c3 d5 3. exd5 Qxd5 4. d4 Nf6 5. Nf3 a6 6. Be3 cxd4 7. cxd4 e6 8.
Nc3 Qd6 9. h3 Be7 10. Bd3 Nc6 11. a3 O-O 12. O-O b5 13. Rc1 Bb7 14. Qe2 Rac8
15. Rfd1 Rfd8 16. Bb1 Qb8 17. b4 Bf8 18. Bg5 Be7 19. Ne4 Nd5 20. Bxe7 Ncxe7 21.
Nc5 Nf6 22. Ba2 Ned5 23. Ne5 Nf4 24. Qe3 N6d5 25. Qf3 Rc7 26. Qg4 Ng6 27. Bxd5
Rxd5 28. Nf3 Rd6 29. Qg3 Qd8 30. Nxb7 Rxb7 31. Rc5 h6 32. Rdc1 Kh7 33. h4 Rbd7
34. h5 Ne7 35. Ne5 Nf5 36. Qh3 Nxd4 37. Qd3+ Nf5 38. Qc2 Rd1+ 39. Rxd1 Rxd1+
40. Kh2 Qh4# 0-1

[Event "Solingen-ch 2022"]
[Site "Solingen"]
[Date "2022.10.14"]
[Round "4.7"]
[White "Hirsch, Dominik"]
[Black "Vranidis, Athanassios"]
[Result "1/2-1/2"]
[WhiteElo "1639"]
[BlackElo "1904"]
[PlyCount "39"]
[EventDate "2022.??.??"]
[WhiteTeam "Elberfelder SG"]
[BlackTeam "SG Solingen e. V"]

1. d4 Nf6 2. Nf3 d5 3. Bf4 e6 4. e3 Be7 5. Nbd2 O-O 6. c4 c5 7. dxc5 Bxc5 8.
Be2 b6 9. O-O Bb7 10. h3 Nbd7 11. cxd5 Bxd5 12. Bc4 Qe7 13. Qe2 Bd6 14. Bxd6
Qxd6 15. Bxd5 Nxd5 16. Rfd1 Qe7 17. Nb3 Rac8 18. Rac1 Nc5 19. Nxc5 Rxc5 20. Qd2
1/2-1/2

[Event "Solingen-ch 2022"]
[Site "Solingen"]
[Date "2022.10.14"]
[Round "4.9"]
[White "Shivkumar, Siddharth"]
[Black "Ipekyilmaz, Tayfun"]
[Result "1-0"]
[WhiteElo "1451"]
[BlackElo "1739"]
[PlyCount "105"]
[EventDate "2022.??.??"]
[WhiteTeam "SG Solingen e. V"]
[BlackTeam "Langenfelder SF 1933"]

1. e4 e5 2. Nc3 b6 3. Bc4 Nf6 4. f4 Nxe4 5. Bxf7+ Kxf7 6. Nxe4 exf4 7. Qh5+ g6
8. Qd5+ Kg7 9. Qxa8 Qh4+ 10. g3 fxg3 11. Nxg3 Bd6 12. Qf3 Nc6 13. N1e2 Re8 14.
Kd1 Rf8 15. Qe4 Qh3 16. Ng1 Rf1+ 17. Nxf1 Qxf1+ 18. Qe1 Qf5 19. Ne2 Nb4 20. d3
Qc5 21. Qc3+ Qxc3 22. Nxc3 Bb7 23. Ne4 Be5 24. Bd2 Nd5 25. c3 Nf6 26. Re1 Ng4
27. Kc2 Nxh2 28. Nc5 bxc5 29. Rxe5 Kf6 30. Rxc5 Bc6 31. Rxc6+ dxc6 32. Rh1 Ng4
33. Rxh7 Ne5 34. Rxc7 g5 35. Rxa7 g4 36. Bf4 Nf3 37. Ra6 Kf5 38. Bg3 Ng1 39.
Rxc6 Nf3 40. a4 Kg5 41. a5 Kf5 42. a6 Ne5 43. Bxe5 Kxe5 44. a7 g3 45. a8=Q g2
46. Qb8+ Kf5 47. Rg6 g1=Q 48. Rxg1 Kf6 49. Qf8+ Ke5 50. Qh6 Kf5 51. Rg5+ Kf4
52. Qh4+ Kf3 53. Rg3+ 1-0

[Event "Solingen-ch 2022"]
[Site "Solingen"]
[Date "2022.10.14"]
[Round "4.10"]
[White "Helfer, Bernd"]
[Black "Matzner, Julian"]
[Result "0-1"]
[WhiteElo "1880"]
[BlackElo "1544"]
[PlyCount "98"]
[EventDate "2022.??.??"]
[WhiteTeam "SC Erkrath 1973"]
[BlackTeam "SK Koeln-Worringen"]

1. Nf3 d5 2. g3 Nf6 3. Bg2 Bf5 4. O-O e6 5. d3 Nbd7 6. Nbd2 c6 7. Re1 Be7 8. e4
Bg6 9. e5 Ng4 10. h3 Nh6 11. Nf1 Nf5 12. Ne3 O-O 13. Nxf5 Bxf5 14. a3 a5 15.
Qe2 h6 16. Nd4 Bh7 17. Bf4 Bg5 18. Qg4 Bxf4 19. gxf4 Qc7 20. Kh1 Kh8 21. Rg1
Rg8 22. Qh5 Bg6 23. Qe2 Qb6 24. Nf3 Nc5 25. b4 axb4 26. Rgb1 b3 27. Qe3 Ra6 28.
d4 b2 29. Ra2 Na4 30. Qd2 Qa5 31. Qxa5 Rxa5 32. Rbxb2 Nxb2 33. Rxb2 b5 34. Nd2
Rxa3 35. Nb3 Bxc2 36. Rxc2 Rxb3 37. Rxc6 Rb8 38. Bf1 Rf3 39. Rc7 Kg8 40. Kg2
Rxf4 41. Rc5 b4 42. Rc2 Rxd4 43. Kf3 b3 44. Rb2 Rc4 45. Bd3 Rc3 46. Ke3 Kf8 47.
Kd4 Rc1 48. Bc2 Rxc2 49. Rxc2 bxc2 0-1

[Event "Solingen-ch 2022"]
[Site "Solingen"]
[Date "2022.10.14"]
[Round "4.11"]
[White "Becker, Carsten"]
[Black "Falk, Thomas"]
[Result "1/2-1/2"]
[WhiteElo "1873"]
[BlackElo "1528"]
[PlyCount "74"]
[EventDate "2022.??.??"]
[WhiteTeam "SG Solingen e. V"]
[BlackTeam "Elberfelder SG"]

1. Nf3 d5 2. d4 e6 3. e3 f5 4. Ne5 Nf6 5. Be2 Nbd7 6. O-O Bd6 7. f4 O-O 8. c4
c6 9. Nc3 Ne4 10. Nxe4 fxe4 11. c5 Nxe5 12. fxe5 Be7 13. b4 a6 14. Bd2 Bd7 15.
a4 Rxf1+ 16. Qxf1 b5 17. cxb6 Qxb6 18. Rb1 g6 19. b5 axb5 20. axb5 Rf8 21. Qe1
cxb5 22. Ba5 Qb7 23. Bb4 Bxb4 24. Qxb4 Qc8 25. Bxb5 Bxb5 26. Qxb5 Qc2 27. Qb2
Qxb2 28. Rxb2 Rf7 29. Rb6 Re7 30. Kf2 Kg7 31. Kg3 h6 32. h4 Kh7 33. Kg4 Kg7 34.
Rb2 Rf7 35. Rb8 Re7 36. Rd8 Kf7 37. Rh8 Kg7 1/2-1/2

[Event "Solingen-ch 2022"]
[Site "Solingen"]
[Date "2022.10.14"]
[Round "4.13"]
[White "Bock, Jürgen"]
[Black "Dhanasekaran Meenambigai, Diya"]
[Result "1-0"]
[WhiteElo "1554"]
[BlackElo "1316"]
[PlyCount "97"]
[EventDate "2022.??.??"]
[WhiteTeam "SC Duesseldorf Garath 197"]
[BlackTeam "SG Solingen e. V"]

1. d4 d5 2. Nf3 Nf6 3. e3 e6 4. Bd3 Bd6 5. Nbd2 O-O 6. e4 dxe4 7. Nxe4 Nxe4 8.
Bxe4 c5 9. Ng5 h6 10. Nf3 Nd7 11. Be3 cxd4 12. Nxd4 Nf6 13. Bf3 a6 14. Qd3 Re8
15. O-O-O Rb8 16. Nb5 Be7 17. Qxd8 Rxd8 18. Rxd8+ Bxd8 19. Nd6 b5 20. Ba7 Rb7
21. Bxb7 Bxb7 22. Nxb7 Bc7 23. Nc5 a5 24. g3 Nd5 25. c3 Kf8 26. Na6 Bd6 27. Bc5
Bxc5 28. Nxc5 Ke7 29. Rd1 a4 30. Rxd5 exd5 31. Kd2 Kd6 32. Nd3 f5 33. f4 Ke6
34. Nb4 Kd6 35. Kd3 Kc5 36. h4 g6 37. a3 h5 38. Nc2 Kc6 39. Kd4 Kd6 40. Nb4 Ke6
41. Kc5 Ke7 42. Nxd5+ Kd7 43. Kxb5 Kd6 44. c4 Kd7 45. c5 Kc8 46. c6 Kb8 47. c7+
Kc8 48. Kc6 g5 49. Nb6# 1-0

[Event "Solingen-ch 2022"]
[Site "Solingen"]
[Date "2022.10.14"]
[Round "4.15"]
[White "Schubert, Stefan"]
[Black "Fodor, Bernhard"]
[Result "1-0"]
[WhiteElo "1522"]
[BlackElo "1327"]
[PlyCount "107"]
[EventDate "2022.??.??"]
[WhiteTeam "SG Solingen e. V"]
[BlackTeam "SG Solingen e. V"]

1. e4 e5 2. Bc4 Nf6 3. d3 c6 4. Nf3 d5 5. exd5 b5 6. Bb3 Nxd5 7. O-O Bg4 8. Re1
Bd6 9. d4 O-O 10. h3 Be6 11. dxe5 Be7 12. Nd4 Nc7 13. Nxe6 Nxe6 14. Qg4 Bc5 15.
Bh6 Qd4 16. Qxd4 Bxd4 17. Bc1 c5 18. Bd5 Nc7 19. Bxa8 Nxa8 20. c3 Nc6 21. e6
fxe6 22. Be3 Bxe3 23. Rxe3 Nc7 24. Nd2 Rd8 25. Ne4 Rd5 26. Rc1 c4 27. b3 Na5
28. b4 Nb7 29. Rc2 Rd1+ 30. Kh2 Nd5 31. Rg3 g6 32. Ng5 Nd8 33. Re2 Nf4 34. Re4
Nd3 35. Re2 e5 36. Ne4 Kg7 37. Nd6 Kh6 38. Rf3 Nc1 39. Rxe5 Rxd6 40. Rxb5 Rd3
41. Ra5 Nc6 42. Ra6 Rxf3 43. gxf3 Ne5 44. f4 Ned3 45. Kg3 Ne2+ 46. Kf3 Nexf4
47. Rxa7 Nxh3 48. Rc7 Nhxf2 49. Ke3 Ng4+ 50. Ke4 Nf6+ 51. Kd4 Nb2 52. b5 g5 53.
b6 Na4 54. b7 1-0